Postkeynesovské modely nezamestnanosti

Bibliographic Details
Main Author: Přívarová, Magdaléna, 1955- (Author)
Format: Article
Language:Slovak
PhysicalDescription:Grafy 5, res. angl., lit. 11 zázn. v angl., franc.
ISSN:0323-262X
Subjects:

MARC

LEADER 00000nab a2200000 a 4500
001 vtls000569805
003 SK-MaSNL
005 20260304091140.0
008 250425c1995 xo 0 slo
015 |a SNBRB19rr/mm-uuuuu 
035 |a CL0569943 
035 |a urn:nbn:sk:snk-ab2fz1 
035 |a (urnnbn)urn:nbn:sk:snk:ar-a02djv 
035 |a (uuid)80ed72e0-8548-41b5-aa68-88d5b58b471a 
040 |a SNKBUCL  |b slo  |c SNKBUCL  |e AACR2 
041 0 |a slo 
044 |a xo  |c SK 
080 |a 330.368:331.56:330.83  |2 1981 
080 |a 331.56  |2 1981 
080 |a 330.83  |2 1981 
080 |a 330.101.52  |2 1981 
100 1 |a Přívarová, Magdaléna,  |d 1955-  |4 aut  |9 216193 
245 1 0 |a Postkeynesovské modely nezamestnanosti  |c Magdaléna Přívařová 
300 |b Grafy 5, res. angl., lit. 11 zázn. v angl., franc. 
650 0 7 |a nerovnováha ekonomická  |2 snkbucl  |9 994476 
650 0 7 |a nezamestnanosť  |2 snkbucl  |9 4271 
650 0 7 |a teória Keynesova  |2 snkbucl  |9 1223741 
655 7 |a články z novín a časopisov  |2 snkbucl  |9 267496 
773 0 |t Ekonomické rozhľady  |g Roč. 24, č. 2 (1995), s. 204-213  |x 0323-262X 
850 |a Slovenská národná knižnica 
852 |a Slovenská národná knižnica 
954 |a odborná, vedecká literatúra pôvodná (slovenská)  |2 lita 
958 |a article27 
958 |a NB 
958 |a RK 
958 |a OND 
958 |a EUIPO 
992 |a RBX 
999 |c 2814321  |d 2816251